000 00522nam a2200181Ia 4500
001 25146
005 20260414151130.0
008 260414t2019||||xx |||||||||||||| ||spa||
041 _aESP
082 _a346.2J
_bG312A
100 _aGaceta Jurídica. División de Estudios Jurídicos
_eAUT
245 0 _aEl derecho de familia en la jurisprudencia del Tribunal Constitucional y la Corte Suprema
_b
260 _c2019
300 _a302 páginas :
_c25 cm.
650 _aDER
654 _aCDE
942 _cLIB
_dJUS
_fJUS
_2ddc
_n
999 _c25146
_d25146